| 000 | 01166nam a2200217Ia 4500 | ||
|---|---|---|---|
| 001 | 322 | ||
| 003 | GE_BSU | ||
| 008 | 181216s||||||||xx |||||||||||||| ||und|| | ||
| 040 | _cGE_BSU | ||
| 080 | _a176+272 | ||
| 245 | _aინსტრუქცია. DIGNITAS PERSONAE პიროვნების ღირსება. რამდენიმე საკითხი ბიოეთიკის შესახებ | ||
| 245 | _bსულხან-საბა ორბელიანის სახ. თეოლოგიის, ფილოსოფიის, კილტურისა და ისტორიის ინ-ტი. რწმენის მოძღვრების კონგრეგაცია | ||
| 245 | _cრედ: ფეიქრიშვილი ჟუჟუნა | ||
| 260 | _aთბილისი | ||
| 260 | _c2009 | ||
| 300 | _a45 გვ. | ||
| 541 | _h2 ლ. | ||
| 653 | _aDIGNITAS PERSONAE პიროვნების ღირსება. რამდენიმე საკითხი ბიოეთიკის შესახებ | ||
| 653 | _aინსტრუქცია | ||
| 942 | _cBK | ||
| 999 |
_c34561 _d34561 |
||